00692nam a2200217Ia 4500003000900000008004100009020001800050040001600068080001400084100002300098245005500121260004800176300001500224650001400239650002200253650001700275700002600292942000700318999001700325952013200342IN-BaIIA211028s9999 xx 000 0 eng d a0-521-48219-4 cIIA Library a523.4bDE ade Pater, I925970 0aPlanetary sciencescI. de Pater and J. J. Lissauer aCambridgebCambridge University Pressc2001 axvi, 528p. aCosmology aPlanetology99952 aPlanets9971 aLissauer, J. J925971 cBK c14596d14596 00104070aBANbBANcGENd2002-04-18eANJ g3475.00l0o523.4/ DEp15518r2021-11-05v3475.00w2002-04-18yBKGRs. 3475.00